Trabalho portuário : (Record no. 788)

MARC details
000 -LÍDER
Campo Fixo de Controle 00920nam a2200289 a 4500
001 - NÚMERO DE CONTROLE
Campo de Controle 788
003 - IDENTIFICAÇÃO DO NÚMERO DE CONTROLE
Campo de Controle BR-CuiBMT
005 - DATA E HORA DA ÚLTIMA ATUALIZAÇÃO
Campo de Controle 20231117184944.0
008 - DADOS FIXOS
Dados Fixos 231117s2008 spb 000 0 por d
020 ## - INTERNATIONAL STANDARD BOOK NUMBER
Nº do ISBN 9788576602569
040 ## - AGÊNCIA CATALOGADORA
Código da Agência Catalogadora BR-CuiBMT
Agência que transcreveu o registro BR-CuiBMT
080 ## - Nº DA CLASSIFICAÇÃO DECIMAL UNIVERSAL
Nº edição CDU 2007
Nº Class. CDU 349.2:656.615
Subd. Auxiliar Comum (81)
090 ## - NÚMERO DE CHAMADA
Nº classificação 349.2:656.615(81)
Cutter P149t
Ano/Edição 2. ed.
100 1# - ENTRADA PRINCIPAL -- AUTOR PESSOAL
Nome pessoal Paixão, Cristiano
245 10 - TÍTULO PRINCIPAL
Título principal Trabalho portuário :
Subtítulo a modernização dos portos e as relações de trabalho no Brasil /
Indicação de responsabilidade Cristiano Paixão , Ronaldo Curado Fleury.
250 ## - EDIÇÃO
Edição 2. ed. rev., atual e ampl.
260 ## - PUBLICAÇÃO, DISTRIBUIÇÃO, ETC.
Local de publicação São Paulo :
Editora Método,
Data 2008.
300 ## - DESCRIÇÃO FÍSICA
N. páginas ou volumes 367 p. ;
Dimensões 23 cm
504 ## - NOTA DE BIBLIOGRAFIA, ETC.
Nota de bibliografia Inclui bibliografia.
505 ## - NOTA DE CONTEÚDO
Nota de conteúdo Doutrina. Legislação. Jurisprudência.
650 ## - ASSUNTO TÓPICO
Cabeçalho tópico ou nome geográfico Portos
650 ## - ASSUNTO TÓPICO
Cabeçalho tópico ou nome geográfico Relações trabalhistas
650 ## - ASSUNTO TÓPICO
Cabeçalho tópico ou nome geográfico Legislação
650 ## - ASSUNTO TÓPICO
Cabeçalho tópico ou nome geográfico Jurisprudência
700 1# - ENTRADA SECUNDÁRIA -- NOME PESSOAL
Nome pessoal Fleury, Ronaldo Curado
942 ## - ELEMENTOS DE ENTRADA ADICIONAIS (KOHA)
Fonte de classificação ou esquema de arquivamento Classificação Decimal Universal
Tipo de item do Koha Livros
Holdings
Estado: removido Estado: perdido Fonte de classificação ou esquema de arquivamento Estado: danificado Indisponível para empréstimo Localização permanente Localização atual Data de aquisição Total Checkouts Número de Chamada completo Código de barras Date last seen Número do exemplar Preço efetivo a partir de Tipo de item (Koha)
    Classificação Decimal Universal     Biblioteca da Escola Superior de Contas do TCE/MT Biblioteca da Escola Superior de Contas do TCE/MT 17/11/2023   349.2:656.615(81) P149t BIBTCEMT23110712 17/11/2023 Ex. 1 17/11/2023 Livros

Powered by Koha